A translator's handbook on the gospel of John (Record no. 8281)

MARC details
000 -LEADER
campo de control de longitud fija 00736ntaaa2200229 4500
003 - IDENTIFICADOR DE NÚMERO DE CONTROL
campo de control 01
005 - FECHA Y HORA DE LA ÚLTIMA TRANSACCIÓN
campo de control 20251027201357.0
008 - DATOS DE LONGITUD FIJA--INFORMACIÓN GENERAL
campo de control de longitud fija 0714s1973 ag 01
020 ## - NÚMERO INTERNACIONAL ESTÁNDAR DEL LIBRO
Número Internacional Estándar del Libro 082670137X
040 ## - FUENTE DE CATALOGACIÓN
Centro catalogador/agencia de origen AR-BaBN
Lengua de catalogación spa
Centro/agencia transcriptor AR-BaBN
Normas de descripción aacr
Centro/agencia modificador RIC
082 ## - NÚMERO DE LA CLASIFICACIÓN DECIMAL DEWEY
Número de clasificación 225.5077 N46t
100 ## - ENTRADA PRINCIPAL--NOMBRE DE PERSONA
Nombre de persona Newman, Barclay M
9 (RLIN) 5513
245 ## - MENCIÓN DEL TÍTULO
Título A translator's handbook on the gospel of John
250 ## - MENCION DE EDICION
Mención de edición 1 ed.
260 ## - PUBLICACIÓN, DISTRIBUCIÓN, ETC.
Lugar de publicación, distribución, etc. London :
Nombre del editor, distribuidor, etc. United Bible Societies,
Fecha de publicación, distribución, etc. 1980
300 ## - DESCRIPCIÓN FÍSICA
Extensión viii, 681 p. ;
Dimensiones 24 cm.
500 ## - NOTA GENERAL
Nota general Bibliografía: p. 663-665 Contiene glosario e índice.
650 ## - PUNTO DE ACCESO ADICIONAL DE MATERIA--TÉRMINO DE MATERIA
Término de materia o nombre geográfico como elemento de entrada Biblia. N.T. Juan. Inglés. Today´s English. 1980.
9 (RLIN) 12202
650 ## - PUNTO DE ACCESO ADICIONAL DE MATERIA--TÉRMINO DE MATERIA
Término de materia o nombre geográfico como elemento de entrada Biblia. N.T. Juan. Inglés. Revised Standard. 1980
9 (RLIN) 12203
700 ## - ENTRADA AGREGADA--NOMBRE PERSONAL
Nombre de persona Nida, Eugene A.
9 (RLIN) 121
942 ## - ELEMENTOS DE ENTRADA SECUNDARIOS (KOHA)
Tipo de ítem Koha Colección General
Holdings
Estatus retirado Estado de pérdida Estado de daño No para préstamo Biblioteca de origen Biblioteca actual Fecha de adquisición Número de inventario Total de préstamos Signatura topográfica completa Código de barras Visto por última vez Precio de reemplazo Tipo de ítem Koha
        Biblioteca Pluis Biblioteca Pluis 27/10/2025 36350   225.5077 N46t 36350 27/10/2025 27/10/2025 Colección General